000 02801cam a22003254a 4500
005 20250605164039.0
008 250528s ||||||||||||||||||||||||d
035 _a16924
020 _a9602210095
040 _aGR-AtMCL
_bgre
_dGR-AtMCL
_eAACR2
245 1 _aΤο Μήνυμα του Μέσου / Η Έκρηξη της Μαζικής Επικοινωνίας
250 _a
260 _bΑλεξάνδρεια,
_c1990
300 _a278
520 _aΈνα ευρύ φάσμα προσεγγίσεων, από την Αμερικάνική κοινωνιολογική έρευνα ως τη Γερμανική κριτική θεωρία και από την πραγματιστική ανάλυση θεσμών και πρακτικών ως τη φουτουριστική τεχνολογική επαγγελία. Εισαγωγή, Τίποτε το Νέπ, Η Σημασία της Επικοινωνίας, Σκέψεις για την Επικοινωνία και την Κουλτούρα, Η Δομή και η Λειτουργία της Επικοινωνίας στην Κοινωνία, Οι Δύο Βαθμίδες στη Ροή της Επικοινωνίας, ''Η Μαζική Πειθώ δεν Αρκεί'', Ορισμένες Πολιτισμικές Προσεγγίσεις στα Προβλήματα Επικοινωνίας, Τι θα Πει ο Κόσμος, Η Φύση των Ειδήσεων, Το Επιμελημένο Εξωτερικό, Από την Συλλογή Ειδήσεων στην Κατασκευή Ειδήσεων: Ένας Κατακλυσμός Ψευδογεγονότων, Παγωμένος Χρόνος, Αλλαγλή της Πολιτικής Λειτουργίας της Δημοσιότητας: Από τη Συγγραφική Δημοσιογραφία στα Μαζικά Μέσα, Η Σύντομη και Ασύνδετη Πληροφορία, Το Ραδιόφωνο ως Μηχανισμός Επικοινωνίας/ Λόγος για τη Λειτουργία του Ραδιοφώνου, T.V./ I.Q.,Το Ευμετάβλητο των Ερμηνειών, Η Ευαισθησία υπό την Τεχνοκρατία: Σκέψεις για την Κουλτούρα των Κατεργασμένων, Τίτλοι και Πηγές Πρωτοτύπων.
700 1 _aBoorstin Daniel J.
_93015
700 1 _aBrecht Berolt
_93016
700 1 _aCooley Charles H
_93017
700 1 _aHabermas Jurgen
_9499
700 1 _aKatz Elihu
_93018
700 1 _aLasswell Harold D
_93019
700 1 _aLippmann Walter
_93020
700 1 _aMcluhan Marshall
_9596
700 1 _aMead Margaret
_93021
700 1 _aPark Robert E
_93022
700 1 _aWidmer Kingley
_93023
942 _cBK
999 _c2369
_d2369